Казки (Запис № 314385)

МАРК-запис
000 -Лідер
fixed length control field 00717nam a22002537a 4500
001 - Контрольний номер
control field 28030
003 - Ідентифікатор контрольного номера
control field UA-OsUOA
005 - Дата та час останнього входження (трансакції)
control field 20230914143634.0
007 - Фіксоване поле фізичного опису
fixed length control field ta
008 - Елементи даних фіксованої довжини – загальна інформація
fixed length control field 20040927b un ||||| |||| 00| 0 ukr d
020 ## - Міжнародний стандартний книжковий номер (ISBN)
Міжнародний стандартний книжковий номер (ISBN) (НП) 5-7775-0528-7
040 ## - Джерело каталогізації
Агенція оригінальної каталогізації UA-OsUOA
Мова каталогізації ger
Агенція, яка здійснювала перезапис UA-OsUOA
Агенція, яка здійснювала модифікацію UA-OsUOA
041 ## - Код мови
Код мови тексту/ звукової доріжки чи окремого заголовка (П) ger
044 ## - Код країни видавця/ виробника
Код країни видавця/ виробника (П) UA
080 ## - Індекс Універсальної десяткової класифікації
Індекс Універсальної десяткової класифікації (УДК) (НП) 821.112.2
090 ## - Локальний шифр розміщення
Класифікаційний індекс УДК 821.112.2
Авторський знак (НП) Г84
100 ## - Основне введення – ім’я особи
Ім’я особи (НП) Брати Грімм
245 ## - Відомості про назву
Назва (НП) Казки
Решта назви (НП) для шкільного віку
Дані про відповідальність (НП) Брати Грімм ; пер. С. Й. Сакидон, Є. О. Попович
260 ## - Публікація, розповсюдження і т.п. (Вихідні дані)
Місце публікації, розповсюдження і т.п. (П) Дніпропетровськ
Ім’я/ наймення видавництва, розповсюджувача і т.п. (П) Січ
Дата публікації, розповсюдження і т.п. (П) 1993
300 ## - Фізичний опис
Обсяг 144 с.
Інші фізичні характеристики (НП) Ілюстрації
650 #7 - Додаткове предметне введення – тематичний термін
Джерело заголовка чи терміна UDC
942 ## - Додаткові елементи входу (Коха)
Тип елемента Koha Книги
Source of classification or shelving scheme Universal Decimal Classification
955 ## - Код типу видання за змістом
Код типу видання за змістом (НП) інше
Фонди
Стан вилучень Стан втрат Джерело класифікації або схеми стелажів Стан уражень Не для кредиту Постійне місце розташування Поточне розміщення Дата придбання Інвентарний номер Усього замовленно Повний номер виклику Штрих-код Дата останнього перегляду Ціна ефективна від Тип елемента Koha Вартість, звичайна ціна покупки Перевірено Дата останньої перевірки
    Universal Decimal Classification     АБ - Абонемент НБ АБ - Абонемент НБ 05/10/2007 391   821.112.2 Г84 391 17/01/2022 27/09/2004 Книги      
    Universal Decimal Classification     АБ - Абонемент НБ АБ - Абонемент НБ 05/10/2007 398   821.112.2 Г84 398 21/02/2022 27/09/2004 Книги      
    Universal Decimal Classification     АБ - Абонемент НБ АБ - Абонемент НБ 05/10/2007 400   821.112.2 Г84 400 13/04/2022 27/09/2004 Книги      
    Universal Decimal Classification     АБ - Абонемент НБ АБ - Абонемент НБ 05/10/2007 401   821.112.2 Г84 401 17/01/2022 27/09/2004 Книги      
    Universal Decimal Classification     АБ - Абонемент НБ АБ - Абонемент НБ 05/10/2007 404   821.112.2 Г84 404 17/01/2022 27/09/2004 Книги      
    Universal Decimal Classification     АБ - Абонемент НБ АБ - Абонемент НБ 05/10/2007 405   821.112.2 Г84 405 17/01/2022 27/09/2004 Книги      
    Universal Decimal Classification     АБ - Абонемент НБ АБ - Абонемент НБ 05/10/2007 406   821.112.2 Г84 406 17/01/2022 27/09/2004 Книги      
    Universal Decimal Classification     АБ - Абонемент НБ АБ - Абонемент НБ 31/05/2024   1 821.112.2 Г84 402 31/05/2024 31/05/2024 Книги   29/08/2024 31/05/2024
Withdrawn   Universal Decimal Classification     ЧЗ - Читальна зала ЧЗ - Читальна зала 27/09/2004 71099   821.112.2 Г84 71099 13/07/2019 27/09/2004 Книги 20.25    
    Universal Decimal Classification     ЧЗ - Читальна зала ЧЗ - Читальна зала 27/09/2004 71100   821.112.2 Г84 71100 07/02/2022 27/09/2004 Книги 20.25